Agricultural environment and health (Record no. 405404)

000 -LEADER
fixed length control field 00444cam a22001457a 4500
008 - FIXED-LENGTH DATA ELEMENTS--GENERAL INFORMATION
fixed length control field 180718b2006 xxu||||| |||| 00| 0 eng d
020 ## - INTERNATIONAL STANDARD BOOK NUMBER
International Standard Book Number 818069304X
082 ## - DEWEY DECIMAL CLASSIFICATION NUMBER
Classification number Zx54 As69
100 ## - MAIN ENTRY--PERSONAL NAME
Personal name Ashraf, S. Waseem A.
245 ## - TITLE STATEMENT
Title Agricultural environment and health
Statement of responsibility, etc. by S. Waseem A. Ashraf
260 ## - PUBLICATION, DISTRIBUTION, ETC.
Place of publication, distribution, etc. New Delhi
Name of publisher, distributor, etc. Concept
Date of publication, distribution, etc. 2006
300 ## - PHYSICAL DESCRIPTION
Extent 138p.
650 ## - SUBJECT ADDED ENTRY--TOPICAL TERM
Topical term or geographic name entry element Environmental health - India.
650 ## - SUBJECT ADDED ENTRY--TOPICAL TERM
Topical term or geographic name entry element Agriculture - Environmental aspects - India
Holdings
Withdrawn status Lost status Damaged status Not for loan Permanent Location Current Location Date acquired Full call number Barcode Date last seen Price effective from Koha item type
        Indian Institute of Public Administration Indian Institute of Public Administration 2006-06-21 Zx54 As69 DA6285 2018-07-21 2018-07-21 DA

Powered by Koha